Datum a čas kvízu
28
Celkem bodů
Celkový počet nahraných bodů na tomto kvízu bez doplňovacích otázek.
1.
Pořadí na kvízu
Konečné umístění týmu na tomto kvízu.
Zaznamenané odpovědi
| # | Otázka | Odpověď | Body | Výsledky |
|---|---|---|---|---|
| 1. | Jak se jmenuje stránka na česk... | Wikipedia | 1 | |
| 2. | Prezident Kazachstánu, který b... | Nursultan Nazarbajev | 1 | |
| 3. | Na první jarní den měla premié... | LOVEní | 1 | |
| 4. | Jak se nazývá inzertní platfor... | letgo | 1 | |
| 5. | Na programu ČT sport jsme mohl... | v Japonsku | 1 | |
| 6. | Dnešní cestovatelské téma se b... | Córdoba | 0 | |
| 7. | Jak se jmenuje velmi známý špa... | Luis Buñuel | 1 | |
| 8. | Ze hry Osvobozeného divadla Ru... | Sevilla (v Seville) | 0 | |
| 9. | Jak se jmenuje antický hrdina,... | Héraklés (též Herkules) | 0 | |
| 10. | Na obrázku vidíte radnici v př... | Juan Carlos I. | 0 |